Vincent Borel , Antoine et Isabelle , Ed. Sabine Wespieser, 2010, 492 pages, 24 € (notice n° 2065705)

détails MARC
000 -LEADER
fixed length control field 00879cam a2200157 4500500
005 - DATE AND TIME OF LATEST TRANSACTION
control field 20260405003237.0
041 ## - LANGUAGE CODE
Language code of text/sound track or separate title fre
042 ## - AUTHENTICATION CODE
Authentication code dc
100 10 - MAIN ENTRY--PERSONAL NAME
Personal name Campana, Marie-Noëlle
Relator term author
245 00 - TITLE STATEMENT
Title Vincent Borel , Antoine et Isabelle , Ed. Sabine Wespieser, 2010, 492 pages, 24 €
260 ## - PUBLICATION, DISTRIBUTION, ETC.
Date of publication, distribution, etc. 2010.<br/>
500 ## - GENERAL NOTE
General note 57
520 ## - SUMMARY, ETC.
Summary, etc. RésuméLa publication cette année de Laura, roman posthume et inachevé de Vladimir Nabokov (1899-1977) est l’occasion de revisiter l’œuvre de cet écrivain russe émigré aux Etats-Unis, du succès scandaleux de Lolita à son véritable chef-d’œuvre, Ada ou l’ardeur. Et d’évoquer aussi sa passion pour les papillons comme un miroir de son œuvre.
786 0# - DATA SOURCE ENTRY
Note Études | Tom 413 | 11 | 2010-10-29 | p. VII-VII | 0014-1941
856 41 - ELECTRONIC LOCATION AND ACCESS
Uniform Resource Identifier <a href="https://shs.cairn.info/revue-etudes-2010-11-page-VII?lang=fr&redirect-ssocas=7080">https://shs.cairn.info/revue-etudes-2010-11-page-VII?lang=fr&redirect-ssocas=7080</a>

Pas d'exemplaire disponible.

PLUDOC

PLUDOC est la plateforme unique et centralisée de gestion des bibliothèques physiques et numériques de Guinée administré par le CEDUST. Elle est la plus grande base de données de ressources documentaires pour les Étudiants, Enseignants chercheurs et Chercheurs de Guinée.

Adresse

627 919 101/664 919 101

25 boulevard du commerce
Kaloum, Conakry, Guinée

Réseaux sociaux

Powered by Netsen Group @ 2025